Communism, conformity, and civil liberties: a cross-section of the Nation speaks its mind (Record no. 423617)

000 -LEADER
fixed length control field 00496cam a22001457a 4500
008 - FIXED-LENGTH DATA ELEMENTS--GENERAL INFORMATION
fixed length control field 180718b1955 xxu||||| |||| 00| 0 eng d
082 ## - DEWEY DECIMAL CLASSIFICATION NUMBER
Classification number C14 St76
100 ## - MAIN ENTRY--PERSONAL NAME
Personal name Stouffer, Samuel A.
245 ## - TITLE STATEMENT
Title Communism, conformity, and civil liberties: a cross-section of the Nation speaks its mind
Statement of responsibility, etc. by Samuel A. Stouffer
260 ## - PUBLICATION, DISTRIBUTION, ETC.
Place of publication, distribution, etc. New York
Name of publisher, distributor, etc. Doubleday
Date of publication, distribution, etc. 1955
300 ## - PHYSICAL DESCRIPTION
Extent 278p
650 ## - SUBJECT ADDED ENTRY--TOPICAL TERM
Topical term or geographic name entry element Public opinion --United States
650 ## - SUBJECT ADDED ENTRY--TOPICAL TERM
Topical term or geographic name entry element Communism --United States
650 ## - SUBJECT ADDED ENTRY--TOPICAL TERM
Topical term or geographic name entry element Civil rights --United States
Holdings
Withdrawn status Lost status Damaged status Not for loan Permanent Location Current Location Date acquired Full call number Barcode Date last seen Price effective from Koha item type
        Indian Institute of Public Administration Indian Institute of Public Administration 2009-09-04 C14 St76 6931 2018-07-21 2018-07-21 Book

Powered by Koha